00581nam a2200169 i 450000100060000000300090000600500170001500700030003200800410003510000200007624501430009626000430023930000220028260000360030460000500034085200210039035954ES-MaACL20251003180836.0t|030214s1925 fr ||||1| fre d1 aBremond, Henri.13aLe roman et l'histoire d'une conversion b: Ulric Guttinger et Sainte-Beuve, d'après des correspondances inédites / cHenri Brémond. aParis : bPlon-Nourrit et Cie, c1925. a263 p. ; c19 cm.14aGuttinguer, Ulric (d1787-1866)17aSainte-Beuve, Charles-Augustin, d1804-18692 aES-MaACLjA-2291